BUSINESS COMMUNICATION (Record no. 9134)

MARC details
000 -LEADER
fixed length control field 00601nam a22001577a 4500
003 - CONTROL NUMBER IDENTIFIER
control field SGT
082 ## - DEWEY DECIMAL CLASSIFICATION NUMBER
Classification number 651.74,GUP
100 ## - MAIN ENTRY--PERSONAL NAME
Personal name GUPTA,O.P
245 ## - TITLE STATEMENT
Title BUSINESS COMMUNICATION
250 ## - EDITION STATEMENT
Edition statement 4TH
260 ## - PUBLICATION, DISTRIBUTION, ETC. (IMPRINT)
Place of publication, distribution, etc JALANDHAR
Name of publisher, distributor, etc S.DINESH & CO
Year of Publication 2008
300 ## - PAGE DESCRIPTION
No. of Pages 328
650 ## - SUBJECT ADDED ENTRY--TOPICAL TERM
Topical term or geographic name as entry element OFFICE COMMUNICATION, ENGLISH
653 ## - KEYWORDS--INDEX TERM
Keyword term BASIC FORMS OF BUSINESS COMMUNICATION, DIFFERENT MODELS AND PROCESSES OF COMMUNICATION, EFFECTIVE COMMUNICATION, THEORIES OF COMMUNICATION AND AUDIENCE ANALYSIS, SELF DEVELOPMENT AND COMMUNICATION, CORPORATE COMMUNICATION, KINDS OF BUSINESS LETTERS, WRITING SKILLS
942 ## - ADDED ENTRY ELEMENTS (KOHA)
Source of classification or shelving scheme Dewey Decimal Classification
Koha item type FCM Books
Holdings
Withdrawn status Lost status Source of classification or shelving scheme Damaged status Not for loan Collection code Home library Current library Shelving location Date acquired Vendor Name Cost, normal purchase price SGTU Total Checkouts Full call number Accession No. (Barcode) Date last seen Bill Date Koha item type
    Dewey Decimal Classification     COMMERCE MANAGEMENT SGT Science & Social Sciences Library SGT Science & Social Sciences Library On Display 18/06/2016 GIFT 165.00 SGTU   651.74,GUP CM268 18/06/2016 18/06/2016 FCM Books